|
|
|
|
| LEADER |
00000nab a2200000uu 4500 |
| 001 |
vtls011455553 |
| 003 |
SK-MaSNL |
| 005 |
20260303214207.0 |
| 008 |
230222|1988 xo |||||||||||||||||eng| |
| 015 |
|
|
|a SNBRB
|
| 035 |
|
|
|a (urnnbn)urn:nbn:sk:snk:ar-a07s70
|
| 035 |
|
|
|a (uuid)f34eead8-9795-4954-b47f-3b421dce10c5
|
| 035 |
|
|
|a urn:nbn:sk:snk-abcqko
|
| 040 |
|
|
|a SNKBUCL
|b slo
|c SNKBUCL
|e AACR2
|
| 041 |
0 |
|
|a eng
|
| 044 |
|
|
|a xo
|c SK
|
| 100 |
1 |
|
|a Brown, S. E.
|4 aut
|9 1248916
|
| 245 |
1 |
0 |
|a GENETIC RELATEDNESS OF THE KEMEROVO SEROGROUP VIRUSES: I. RNA-RNA BLOT HYBRIDIZATION AND GENE REASSORTMENT IN VITRO OP THE KEMEROVO SEROCOMPLEX
|c S. E. Brown, H. G. Morrison, S. M. Buckley, R. E. Shope, D. L. Knudson
|
| 700 |
1 |
|
|a Knudson, D. L.
|4 aut
|9 1248917
|
| 700 |
1 |
|
|a Morrison, H. G
|4 aut
|9 1248918
|
| 700 |
1 |
|
|a Shope, R. E.
|4 aut
|9 1212363
|
| 700 |
1 |
|
|a Buckley, S. M.
|4 aut
|9 1248919
|
| 773 |
0 |
|
|t Acta virologica
|g Roč. 32, č. 5 (1988), s. 369-[480e]
|
| 958 |
|
|
|a OND
|
| 958 |
|
|
|a EUIPO
|
| 958 |
|
|
|a article16
|
| 999 |
|
|
|c 2215851
|d 2217781
|